000 00781nam a2200229 4500
003 OSt
005 20240624032251.0
006 a
008 240624b |||||||| |||| 00| 0 eng d
020 _a9781433808630
040 _aDWCL-Main lib.
_cOC
082 _aCirc. 174.915 N152e 2011
100 _aNagy, Thomas F.
245 _aEssential ethics for psychologists : a primer for understanding and mastering core issues /
260 _aWashington, D.C. :
_bAmerican Psychological Press,
_cc2011.
300 _ax,
_b252 p. ;
_c26 cm.
504 _aIncludes bibliographical references & index.
650 _a1. Psychologists-professional ethics.
650 _a2. Psychology-Moral and ethical aspects.
650 _a3. Professional ethics.
942 _2ddc
_n0
_cBK-CIRC
_kCirc.
999 _c1202
_d1202